000 00869nam a2200253Ia 4500
003 OSt
005 20220923211422.0
006 a|||||r|||| 00| 0
007 ta
008 220922b |||||||| |||| 00| 0 pan d
020 _a9788193422021 (pbk)
_c70
024 _a336,487
037 _b233, 17/03/2018, National Book Shop
_cTextual
040 _aARTS
_cARTS
_bpan
041 _2pan
_apan
082 _aQ8441:4146, 153Q8
100 _aਜੋF, ਦਲੇਰ ਸਿੰਘ, ਂਚ.
_9160427
245 0 _aਅਰਦਾਸ ਸਮੀਖਿਆ
260 _aਲੁਧਿਆਨਾ
_b ਲਾਹੌਰ ਬੁਕ Fਾਪ
_c2018
300 _a47ਪ0
_ccm.
650 _aਸਿੱਖ ਧਰਮ
_9156314
942 _hQ8441:4146, 153Q8
_cTEXL
_2CC
999 _c299279
_d299279